| 000 | 00449nam a2200145 a 4500 | ||
|---|---|---|---|
| 001 | 945 | ||
| 003 | CDMR | ||
| 005 | 20130116135159.0 | ||
| 008 | 130130s1973||||||||||||||||||||||||||||d | ||
| 040 |
_aCDMR _bcat _cCDMR |
||
| 100 | 1 |
_aRamentol Massana, Santiago _9736 |
|
| 245 | 1 | 3 |
_aEl fracaso del tecno-burocratismo como solución al desfase entre la realidad técnica y la humanística... _cSantiago Ramentol Massana |
| 260 |
_aBarcelona _c1973 |
||
| 942 | _cTSN | ||
| 999 |
_c945 _d945 |
||